J'apprends a resoudre : les problemes de la vie pratique
Αποθηκεύτηκε σε:
| Κύριος συγγραφέας: | |
|---|---|
| Μορφή: | Βιβλίο |
| Γλώσσα: | French |
| Δημοσίευση: |
Paris :
Bourrelier,
1953
|
| Θέματα: | |
| Ετικέτες: |
Προσθήκη ετικέτας
Δεν υπάρχουν, Καταχωρήστε ετικέτα πρώτοι!
|
MARC
| LEADER | 00000cam a2200000 i 4500 | ||
|---|---|---|---|
| 001 | 1/90833 | ||
| 008 | 080710s1953 fre d | ||
| 035 | |l 10098869 | ||
| 040 | |a GR-MY-UA |b gre |e aacr | ||
| 041 | 0 | |a fre | |
| 082 | 0 | |a 372.72 |2 (22) | |
| 100 | 1 | |a Condevaux, G. | |
| 245 | 1 | 0 | |a J'apprends a resoudre : |b les problemes de la vie pratique / |c A. Condevaux |
| 260 | |a Paris : |b Bourrelier, |c 1953 | ||
| 300 | |a 414 σ.; |c 22 εκ. | ||
| 650 | 0 | 0 | |a Arithmetic |x Study and teaching (Primary) |
| 650 | 0 | 0 | |a Numeracy |x Study and teaching (Elementary) |
| 650 | 0 | 0 | |a Mathematics |x Problems, exercises, etc. |
| 852 | |a INST |b RHODES |c AKA |e 20080710 |h 372.72 CON |p 005400027743 |q 005400027743 |t BK |y 0 | ||
| 901 | |a BIBL4-2008-2 | ||
| 909 | |a Ρ |b 150800 | ||
| 970 | |a ΚΟΖΑ |b ΜΑΡΙΑ |z 2008/07/10 | ||